The hidden key /

Saved in:
Bibliographic Details
Main Author: Coxe, George Harmon, 1901-
Format: Book
Language:English
Published: London : Hammond, 1964.
LEADER 00722nam a2200205 a 4500
001 c000083843
003 CARM
005 00000000000000.0
008 910730s1964 enk 00011 eng d
019 1 |a 8193012  |5 LACONCORD2021 
035 |a (OCoLC)30224890  |5 LACONCORD2021 
040 |a VLINC  |c VLINC 
100 1 |a Coxe, George Harmon,  |d 1901- 
245 1 4 |a The hidden key /  |c by George Harmon Coxe. 
260 |a London :  |b Hammond,  |c 1964. 
300 |a 187 p. ;  |c 19 cm. 
852 8 |b CARM  |h A2:AM16G0  |i A00688  |p 0098961  |f BK 
082 0 4 |a 813.5  |2 20 
999 f f |i a942a8d2-3d85-547e-bf9e-b00376368d32  |s b7cad1e2-5d13-54ac-a085-e0e6867b7017 
952 f f |p Can circulate  |a CAVAL  |b CAVAL  |c CAVAL  |d CARM 1 Store  |e A00688  |f A2:AM16G0  |h Other scheme  |i book  |m 0098961